| 000 | 00632nam a22001935i 4500 | ||
|---|---|---|---|
| 001 | 102895 | ||
| 003 | ES-MaACL | ||
| 005 | 20230906183216.0 | ||
| 007 | t| | ||
| 008 | 950926s1888 sp ||||1| spa d | ||
| 040 |
_aCAM _bspa _cCAM |
||
| 100 | 1 |
_aEspinosa y Gómez, Antonio. _947923 |
|
| 245 | 1 | 0 |
_aMemoria histórico-clínica de las aguas minero-medicinales de La Aliseda / _cpor Antonio Espinosa y Gómez. |
| 260 |
_aMadrid : _b[s.n.], _c1888 ( _fSucesores de Rivadeneyra) |
||
| 300 |
_a30 p. ; _c21 cm. |
||
| 650 | 4 |
_aAguas minerales- _zLa Aliseda. _9151982 |
|
| 852 |
_aES-MaACL _jT-470-F-2 |
||
| 852 |
_aES-MaACL _jT-684-F-7 |
||
| 999 |
_c102895 _d102895 |
||